000 00319nam a2200133 i 4500
001 bg
100 1 _aMADAJCZYK, Czesław
245 0 _aKultura europejska a faszyzm /
_cCzesław Madajczyk.
260 _aWrocław,
_c1979.
040 _cBPK
041 _apol
942 _cKS
008 s pl f |000 0 pol
999 _c19201
_d19201
856 _uhttp://koha.tu.koszalin.pl/cgi-bin/koha/opac-detail.pl?biblionumber=19201
_yKatalog online BPK